| 000 | 00538nam a2200181Ia 4500 | ||
|---|---|---|---|
| 005 | 20250423101531.0 | ||
| 008 | 250422s9999 xx 000 0 und d | ||
| 020 | _a9780226283463 | ||
| 050 | _aQB 521 .G37/ | ||
| 100 | _aGarfinkle, David. | ||
| 245 | 0 | _aThree steps to the universe: from the sun to black holes to the mystery of dark matter | |
| 260 | _aChicago | ||
| 260 | _bThe University of Chicago Press | ||
| 260 | _c2008 | ||
| 300 | _a265 p | ||
| 650 | _aBlack holes (Astronomy) Dark matter (Astronomy) Sun. | ||
| 942 | _cBK | ||
| 999 |
_c36568 _d36568 |
||